Word Ladder: Caribbean Capital and Country II Quiz Stats

 Plays Quiz Updated Nov 17, 2019

Score 0/20 Timer 03:00
2 Plays Today
Clue 3-Letter Answer % Correct
Behold with the eyesSEE
97.9%
Solid form of waterICE
97.5%
• 'A needle pulling thread' •• SEW •
97.4%
Moisture on grass in the morningDEW
97.3%
Common house petCAT
97.2%
Gandalf portrayer, Sir ___ McKellenIAN
96.4%
Aykroyd or Rather, for exampleDAN
96.2%
Domicile built by beaversDAM
96.1%
___ Jones - a useful stock market indexDOW
95.3%
• A commercial establishment providing lodging •• INN •
95%
Clue 3-Letter Answer % Correct
To lodge a legal complaint against someoneSUE
95%
Slang term for a tattooINK
94.4%
• ___ DeLuise - late American actor •• DOM •
93.6%
• An interjection used to express disgust •• ICK •
93.1%
• The sound a crow makes •• CAW •
93.1%
Intense angerIRE
92.9%
Economical mineral depositORE
91.5%
Main component of CheeriosOAT
90.3%
A morsel of foodORT
86.4%
• To feel sorrow or repentance •• RUE •
77.1%

Today's Daily Dose

You're not logged in!

Compare scores with friends on all Sporcle quizzes.
OR
Log In

Sporcle TV

Today on Sporcle TV


Watch our educational content, quiz creation guides, and fun videos on Sporcle TV.

Show Comments

Extras

Top Quizzes Today


Score Distribution

Your Account Isn't Verified!

In order to create a playlist on Sporcle, you need to verify the email address you used during registration. Go to your Sporcle Settings to finish the process.

Report this User

Report this user for behavior that violates our Community Guidelines.

Details: